Core python: Applications programming (Record no. 397197)

MARC details
000 -LEADER
fixed length control field 00517 a2200193 4500
005 - DATE & TIME
control field 20260417124954.0
008 - FIXED-LENGTH DATA ELEMENTS--GENERAL INFORMATION
fixed length control field 260417b |||||||| |||| 00| 0 eng d
020 ## - ISBN
International Standard Book Number 9789332555365
Price Rs. 910.00
040 ## - CATALOGING SOURCE
Original cataloging agency VIVEKANANDA LIBRARY
082 ## - DDC NUMBER
Classification number 005.133
Book Number C472C(3)
100 ## - MAIN ENTRY--PERSONAL NAME
Personal name Chun, Wesley J
245 ## - TITLE STATEMENT
Title Core python: Applications programming
250 ## - EDITION STATEMENT
Edition statement 3rd
260 ## - PUBLICATION, DISTRIBUTION, ETC. (IMPRINT)
Name of publisher, distributor, etc Pearson India Education
Date of publication, distribution, etc 2026
Place of publication, distribution, etc Noida
300 ## - PHYSICAL DESCRIPTION
Pages xxx, 770
650 ## - Subject
Subject Computer Science
650 ## - Subject
Subject Computer Programming Language
942 ## - ADDED ENTRY ELEMENTS (KOHA)
Koha item type Books
Holdings
Withdrawn status Lost status Source of classification or shelving scheme Damaged status Not for loan Location (home branch) Sublocation or collection (holding branch) Shelving location Date acquired Koha issues (times borrowed) Koha full call number Accession No. Koha date last seen Koha item type
    Dewey Decimal Classification     VIVEKANANDA LIBRARY VIVEKANANDA LIBRARY UIET Library 25/03/2026   005.133 C472C(3) 431192 25/03/2026 Books
    Dewey Decimal Classification     VIVEKANANDA LIBRARY VIVEKANANDA LIBRARY UIET Library 25/03/2026   005.133 C472C(3) 431193 25/03/2026 Books
© Designed and Maintained by Vivekananda Library, MDU Rohtak